000 00468nam a2200157Ia 4500
008 160316s2000 xxu||||| |||| 00| 0 eng d
082 _a347.090000
_bGOE-II
100 _aGoel
245 _a51 years digest of arbitration cases 1950 - 2000 Vol.II ( 1996 to 1997)
250 _a
260 _aDelhi
_bArbitration Law Reporter
_c2000
300 _a471p
_b
_c
365 _b Rs.1,500 3 vol
650 _a1. Arbitration - Cases - Digest 1950 - 2000
700 _aChadha
_a
999 _c18901
_d18901